000
00234nam a22001097a 4500
082
_a
808 THA'V
100
_a
THACERARN, W. M
_9
57792
245
_a
THE VIRGINIANS
260
_a
LONDON
_b
CLEAR TYPE
_c
1972
300
_a
890P
942
_c
BK
999
_c
568046
_d
568046